The Hubley collection : volume 1

Οι καλύτερες ταινίες κινουμένων σχεδίων της Hubley Collection. Με την χρήση εκπληκτικών οπτικών, avant-garde μουσική και συμβολισμό, τα έργα καταπιάνονται με μια ποικιλία θεμάτων: η φύση της δημιουργικότητας, η οικογένεια, η θέση μας στο διάστημα...

Πλήρης περιγραφή

Αποθηκεύτηκε σε:
Λεπτομέρειες βιβλιογραφικής εγγραφής
Άλλοι συγγραφείς: Hubley, Faith (Διευθυντής), Hubley, Emily (Διευθυντής)
Μορφή: Διαφάνειες
Γλώσσα:English
Δημοσίευση: Chatsworth, CA : Image Entertainment, c1999
Θέματα:
Ετικέτες: Προσθήκη ετικέτας
Δεν υπάρχουν, Καταχωρήστε ετικέτα πρώτοι!

MARC

LEADER 00000 gm a2200000 i 4500
001 1/95716
008 081017s1999 g eng d
035 |l 10101003 
040 |a GR-MY-UA  |b gre  |e aacr 
041 0 |a eng 
082 0 |a 791.4334  |2 (22) 
245 1 4 |a The Hubley collection :  |h [μαγνητοσκόπηση]  |b volume 1 
260 |a Chatsworth, CA :   |b Image Entertainment,   |c c1999 
300 |a 1 βιντεοδίσκος (118 λεπτ.);  |b ήχ., έγχρ.;  |c 4 3/4 ίν. 
520 |a Οι καλύτερες ταινίες κινουμένων σχεδίων της Hubley Collection. Με την χρήση εκπληκτικών οπτικών, avant-garde μουσική και συμβολισμό, τα έργα καταπιάνονται με μια ποικιλία θεμάτων: η φύση της δημιουργικότητας, η οικογένεια, η θέση μας στο διάστημα 
650 0 0 |a Animated films. 
700 1 |a Hubley, Faith.  |4 drt 
700 1 |a Hubley, Emily.  |4 drt 
852 |a INST  |b SYROS  |c AV  |e 20081017  |h 791.4334 HUB  |p 005500009008  |q 005500009008  |t DVD  |y 23 
901 |a BIBL5-2008-1 
909 |a Ε  |b 129560 
920 |a ΑΝΑΜΟΡΦΩΣΗ  |b ΕΠΕΑΕΚ II-ΤΜΣΠΣ  |y ΣΥΡΟΣ  |z 2006-06 
970 |a ΚΟΝΤΟΥ  |b ΠΑΡΑΣΚΕΥΗ  |z 2008/10/17